African countries by population - Statistics

General Stats
  • This quiz has been taken 252 times
  • The average score is 32 of 56
Answer Stats
Population Starting letter Country % Correct
227,453,000 N Nigeria
100%
113,140,000 E Ethiopia
98%
99,280,000 E Egypt
77%
62,356,000 T Tanzania
76%
55,535,000 S... South Africa
73%
52,479,000 K Kenya
72%
46,936,000 S Sudan
71%
40,952,000 U Uganda
71%
43,502,000 A Algeria
69%
38,045,000 M Morocco
67%
20,116,000 Z Zambia
67%
33,536,000 G Ghana
66%
32,409,000 M Mozambique
63%
19,967,000 A Angola
62%
15,673,000 Z Zimbabwe
62%
24,336,000 N Niger
61%
14,062,000 R Rwanda
61%
22,308,000 M Mali
60%
28,104,000 C Cameroon
59%
18,319,000 C Chad
59%
97,000 S Seychelles
59%
22,567,000 B... Burkina Faso
58%
12,292,000 B Burundi
58%
13,682,000 T Tunisia
58%
1,007,000 D Djibouti
57%
13,735,000 G Guinea
57%
1,995,000 L Lesotho
57%
6,657,000 L Libya
57%
27,783,000 M Madagascar
57%
12,683,000 B Benin
56%
19,854,000 M Malawi
56%
8,637,000 T Togo
56%
5,246,000 L Liberia
55%
2,755,000 N Namibia
55%
235,000 S... São Tomé and Príncipe
55%
875,000 C Comoros
54%
3,836,000 E Eritrea
54%
1,371,000 E Eswatini
54%
1,768,000 G... Guinea-Bissau
54%
17,467,000 S Senegal
54%
7,363,000 S... Sierra Leone
54%
11,736,000 S... South Sudan
54%
2,479,000 B Botswana
53%
747,000 E... Equatorial Guinea
53%
1,883,000 G Gabon
53%
2,156,000 G Gambia
53%
12,160,000 S Somalia
53%
4,468,000 M Mauritania
52%
1,457,000 M Mauritius
52%
5,484,000 C... Central African Republic
51%
29,636,000 C... Côte d'Ivoire
46%
587,000 C... Cabo Verde
36%
786,000 W... Western Sahara
36%
102,153,000 C... Congo-Kinshasa
17%
5,627,000 C... Congo-Brazzaville
15%
460,000 M Malta
9%
No matching quizzes found
Score Distribution
Percent of People with Each Score
Percentile by Number Answered
Your Score History
You have not taken this quiz